| 000 | 01104nam a2200229Ia 4500 | ||
|---|---|---|---|
| 001 | L201-2697 | ||
| 003 | IT-CnALBA | ||
| 008 | 170116s9999||||xx |||||||||||||| ||und|| | ||
| 040 |
_aIT-CnALBA _cIT-CnALBA |
||
| 041 | _aITALIANO | ||
| 100 | _aGALEANI PIETRO | ||
| 245 | 0 | _aPROVVIDENZA E BENI NATURALI SECONDO S. AGOSTINO. | |
| 250 | _a1a ed. | ||
| 260 |
_aCINISELLO BALSAMO (MI) _bEDIZIONI PAOLINE _c1953 [1° Ed.:1953 - Ed.Ling.Originale: 1953] |
||
| 300 | _a208 p. | ||
| 500 | _aINTRODUZIONE. FONTI BIBLIOGRAFIA. PROVVIDENZA. BENI IN GENERE. BENI TEMPORALI. POSSESSO DEI BENI. FELICITÀ E BENI TEMPORALI. SICUREZZA DEI BENI TEMPORALI. IL GIUSTO. LA RIVELAZIONE E I BENI. | ||
| 501 | _aSocietà San Paolo EM - Piazza San Paolo, 14 - 12051 ALBA (CN) (non commercial uses only) ® Copyright 2017 | ||
| 520 | _aINTRODUZIONE. FONTI BIBLIOGRAFIA. PROVVIDENZA. BENI IN GENERE. BENI TEMPORALI. POSSESSO DEI BENI. FELICITÀ E BENI TEMPORALI. SICUREZZA DEI BENI TEMPORALI. IL GIUSTO. LA RIVELAZIONE E I BENI. | ||
| 650 | _aSTORIA E FILOSOFIA SUL CRISTIANESIMO | ||
| 942 | _cBK | ||
| 957 | _71 | ||
| 999 |
_a3677 _bNO _g Copie: 1 _c261885 _d261885 |
||